000 01054nam a2200265 i 4500
001 182627
003 ES-MaACL
005 20251215190755.0
008 131007s2012 sp a | |||||||| | cat d
020 _a978-84-938981-6-8
080 _a75 Pollock, Jackson (060.64)
080 _a75.036(060.64)
245 0 0 _aExplosió! :
_bel llegat de Jackson Pollock : Fundació Joan Miró, Barcelona /
_c[comissariat, Magnus af Petersens].
260 _aBarcelona :
_bFundació Joan Miró,
_cD.L. 2012.
300 _a212 p. :
_bil. col. y n. ;
_c29 cm.
546 _aTexto en catalán, español e inglés.
600 1 7 _aPollock, Jackson,
_d1912-1956-
_vExposiciones
_2
_9153552
655 7 _2tgfbne
_9193628
_aCatálogos de exposiciones
700 1 _aPollock, Jackson,
_d1912-1956
_9153553
710 2 _aFundació Joan Miró.
_94204
852 _aES-MaACL
_jA-12869
_9189543
_bR.149082
_cDEPO1
_dOlim: N-5869
_xDonación: Real Academia Española
914 _96336
_aReal Academia Española
_ednr
942 _2udc
_cMONOGRAFIA
999 _c182627
_d182627